LEADER 04993nam 22007575 450 001 996465826603316 005 20200704211834.0 010 $a3-642-16256-8 024 7 $a10.1007/978-3-642-16256-5 035 $a(CKB)2550000000019875 035 $a(SSID)ssj0000446797 035 $a(PQKBManifestationID)11267876 035 $a(PQKBTitleCode)TC0000446797 035 $a(PQKBWorkID)10504651 035 $a(PQKB)10925559 035 $a(DE-He213)978-3-642-16256-5 035 $a(MiAaPQ)EBC3065966 035 $a(PPN)149033346 035 $a(EXLCZ)992550000000019875 100 $a20101005d2010 u| 0 101 0 $aeng 135 $aurnn#008mamaa 181 $ctxt 182 $cc 183 $acr 200 10$aSoftware Technologies for Embedded and Ubiquitous Systems$b[electronic resource] $e8th IFIP WG 10.2 International Workshop, SEUS 2010, Waidhofen/Ybbs, Austria, October 13-15, 2010, Proceedings /$fedited by Sang Lyul Min, Robert Pettit, Theo Ungerer 205 $a1st ed. 2010. 210 1$aBerlin, Heidelberg :$cSpringer Berlin Heidelberg :$cImprint: Springer,$d2010. 215 $a1 online resource (XI, 253 p. 90 illus.) 225 1 $aInformation Systems and Applications, incl. Internet/Web, and HCI ;$v6399 300 $aBibliographic Level Mode of Issuance: Monograph 311 $a3-642-16255-X 320 $aIncludes bibliographical references and index. 330 $aThe 8th IFIP Workshop on Software Technologies for Embedded and Ubiq- tous Systems (SEUS 2010) in Waidhofen/Ybbs, Austria, October 13-15, 2010, succeeded the seven previous workshops in Newport Beach, USA (2009); Capri, Italy (2008); Santorini, Greece (2007); Gyeongju, Korea (2006); Seattle, USA (2005); Vienna, Austria (2004); and Hokodate, Japan (2003); installing SEUS as a successfully established workshop in the ?eld of embedded and ubiquitous systems. SEUS 2010 continued the tradition of fostering cross-community scienti?c excellence and establishing strong links between research and industry. SEUS 2010 provided a forum where researchers and practitioners with substantial - periences and serious interests in advancing the state of the art and the state of practice in the ?eld of embedded and ubiquitous computing systems gathered with the goal of fostering new ideas, collaborations, and technologies. The c- tributions in this volume present advances in integrating the ?elds of embedded computing and ubiquitous systems. The call for papers attracted 30 submissions from all around the world. Each submission was assigned to at least four members of the Program Committee for review. The Program Committee decided to accept 21 papers, which were arranged in eight sessions. The accepted papers are from Austria, Denmark, France, Germany, Italy, Japan, Korea, Portugal, Taiwan, UK, and USA. Two keynotes complemented the strong technical program. 410 0$aInformation Systems and Applications, incl. Internet/Web, and HCI ;$v6399 606 $aSoftware engineering 606 $aComputer communication systems 606 $aProgramming languages (Electronic computers) 606 $aApplication software 606 $aComputer programming 606 $aSoftware Engineering/Programming and Operating Systems$3https://scigraph.springernature.com/ontologies/product-market-codes/I14002 606 $aComputer Communication Networks$3https://scigraph.springernature.com/ontologies/product-market-codes/I13022 606 $aProgramming Languages, Compilers, Interpreters$3https://scigraph.springernature.com/ontologies/product-market-codes/I14037 606 $aSoftware Engineering$3https://scigraph.springernature.com/ontologies/product-market-codes/I14029 606 $aInformation Systems Applications (incl. Internet)$3https://scigraph.springernature.com/ontologies/product-market-codes/I18040 606 $aProgramming Techniques$3https://scigraph.springernature.com/ontologies/product-market-codes/I14010 615 0$aSoftware engineering. 615 0$aComputer communication systems. 615 0$aProgramming languages (Electronic computers). 615 0$aApplication software. 615 0$aComputer programming. 615 14$aSoftware Engineering/Programming and Operating Systems. 615 24$aComputer Communication Networks. 615 24$aProgramming Languages, Compilers, Interpreters. 615 24$aSoftware Engineering. 615 24$aInformation Systems Applications (incl. Internet). 615 24$aProgramming Techniques. 676 $a005.1 702 $aMin$b Sang Lyul$4edt$4http://id.loc.gov/vocabulary/relators/edt 702 $aPettit$b Robert$4edt$4http://id.loc.gov/vocabulary/relators/edt 702 $aUngerer$b Theo$4edt$4http://id.loc.gov/vocabulary/relators/edt 712 12$aSEUS 2010$f(2010 Oct.13-15 :$eYbbs, Austria) 906 $aBOOK 912 $a996465826603316 996 $aSoftware Technologies for Embedded and Ubiquitous Systems$9771986 997 $aUNISA